000 00557nam a22001937a 4500
005 20260312101342.0
008 260312b |||||||| |||| 00| 0 eng d
037 _cDSWL
040 _aDSWL
_cDSWL
041 _heng
084 _aX:161:95 Q4
100 _aTaneja, Deepti
_91131739
245 _aChanging pattern and quality of employment
260 _aNew Delhi,
_bRegal Publication,
_c2014
300 _a300p
365 _aINR
_b1280
942 _2CC
_cTEXL
_hX:161:95 Q4
_n0
999 _c1715167
_d1715167